Formuła 1 - składy zespołów 2015 - Statystyki

Ogólne statystyki
  • Ten quiz został rozwiązany 89 razy
  • Średni wynik to 17 z 22
Statystyki odpowiedzi
Zespół Kraj Zawodnik Rundy % Poprawnych
Mercedes W.Brytania Lewis Hamilton
99%
Ferrari Niemcy Sebastian Vettel
96%
Red Bull Australia Daniel Ricciardo
95%
Hiszpania Fernando Alonso 2-19
94%
Finlandia Kimi Raikkonen
94%
Holandia Max Verstappen
94%
Niemcy Nico Hulkenberg
91%
Niemcy Nico Rosberg
91%
Force India Meksyk Sergio Perez
91%
Finlandia Valtteri Bottas
91%
Rosja Daniil Kvyat
88%
Williams Brazylia Felipe Massa
88%
Toro Rosso Hiszpania Carlos Sainz
87%
Dania Kevin Magnussen 1
85%
McLaren W.Brytania Jenson Button
78%
Wenezuela Pastor Maldonado
76%
Lotus Francja Romain Grosjean
76%
Sauber Szwecja Marcus Ericsson
68%
Brazylia Felipe Nasr
51%
Marussia W.Brytania Will Stevens
26%
Hiszpania Roberto Merhi 1-12, 15, 19
22%
USA Alexander Rossi 13-14, 16-18
15%
Nie znaleziono quizów pasujących do podanych kryteriów
Rozkład punktacji
Procent ludzi z każdym wynikiem
Percentyl według liczby udzielonych odpowiedzi
Twoja historia wyników
Nie rozwiązałeś tego quizu